Curso de electrotecnia general y aplicada a las máquinas /
Guardado en:
| Autor Principal: | |
|---|---|
| Otros Autores: | |
| Formato: | Libro |
| Idioma: | Spanish |
| Publicado: |
Barcelona :
Labor,
1955.
|
| Etiquetas: |
Agregar Etiqueta
Sin Etiquetas, Sea el primero en etiquetar este registro!
|
| LEADER | 00481nam a22001455a 4500 | ||
|---|---|---|---|
| 001 | EUN.um033705 | ||
| 008 | 041125s1955####sp#a##########000#0#spa#d | ||
| 005 | 20090608132226.0 | ||
| 245 | 1 | 0 | |a Curso de electrotecnia general y aplicada a las máquinas / |c Gustav Bolz, Moeller Werr. |
| 260 | |a Barcelona : |b Labor, |c 1955. | ||
| 300 | |a 2 v. : |b ilus. ; |c 23 cm. | ||
| 100 | 1 | |a Bolz, Gustav. | |
| 700 | 1 | |a Werr, Moeller. | |
| 082 | 0 | 4 | |a 621.3 |
| 859 | |a Ar-BaUNS |b BIB. CENTRAL - Sector C |h 621.3 |i B639 |p 1373/957 |v v.1 | ||
